| 000 | 00334cam a22001217a 4500 | ||
|---|---|---|---|
| 008 | 180718b1958 xxu||||| |||| 00| 0 eng d | ||
| 082 | _aB142x54 B149 | ||
| 245 |
_aWomen of India _cedited by T.A. Baig |
||
| 260 |
_aDelhi _bNational Council of Women in India _c1958 |
||
| 300 | _a276p. | ||
| 650 | _aWomen - India. | ||
| 700 | _aBaig, T.A. | ||
| 999 |
_c358671 _d358671 |
||